Najpopularniejsze polskie piosenki z każdego roku XXI wiek. - Statystyki

Ogólne statystyki
  • Ten quiz został rozwiązany 62 razy
  • Średni wynik to 9 z 44
Statystyki odpowiedzi
Tytuł % Poprawnych
sanah
55%
"Przez Twe oczy zielone"
53%
Akcent
51%
"Miłość w Zakopanem"
51%
Sławomir
51%
"Szampan"
49%
Sylwia Grzeszczak
37%
Kizo
33%
Weekend
31%
"Disney"
29%
"Język Ciała"
29%
"Ona by tak chciała"
29%
"Ona tańczy dla mnie"
29%
Skolim
29%
"Wyglądasz idealnie"
29%
Grubson
27%
"Małe rzeczy"
27%
"Na szczycie"
27%
Tymek
27%
"Tamta dziewczyna"
24%
"Taxi"
22%
Wilki
22%
"Baśka"
20%
Ronnie Ferrari
20%
Łobuzy
14%
"Bez strachu"
12%
Paluch
12%
Piotr Rubik
12%
Kombii
10%
"Pokolenie"
10%
"Psalm dla Ciebie"
10%
"Żono moja"
10%
"Ona czuje we mnie piniądz"
8%
Masters
6%
Monika Brodka
6%
Video
6%
"Zanim pójdę"
6%
"Chcę tu zostać"
4%
Farba
4%
happysad
4%
"Miał być ślub"
4%
"Szminki róż"
4%
Akurat
2%
"Lubię mówić z Tobą"
2%
Nie znaleziono quizów pasujących do podanych kryteriów
Rozkład punktacji
Procent ludzi z każdym wynikiem
Percentyl według liczby udzielonych odpowiedzi
Twoja historia wyników
Nie rozwiązałeś tego quizu